| 000 | 00659nam a2200229 a 4500 | ||
|---|---|---|---|
| 001 | 11734 | ||
| 003 | CO-ViMGA | ||
| 008 | 141112s2004 ck r 000 u spa d | ||
| 040 |
_aCO-ViMGA _bspa _cCO-ViMGA |
||
| 082 | 0 | 4 | _a787.507 P17a |
| 100 | 1 |
_aPareles Bello, David _911518 |
|
| 245 | 1 | 0 | _aEl Arpa |
| 250 | _a3 | ||
| 260 |
_aSanta fe de Bogotá, _cImprenta y Publicaciones de las Fuerzas Militares. 2000 |
||
| 300 | _a207 p.il. | ||
| 590 | _aEjemplares : 2 | ||
| 650 | 1 | 4 |
_aARPA - ENSEÑANZA _911519 |
| 650 | 1 | 4 |
_aARPA - HISTORIA _911520 |
| 650 | 1 | 4 |
_aINSTRUMENTOS MUSICALES COLOMBIANOS _911521 |
| 650 | 1 | 4 |
_aMUSICA - ENSEÑANZA _911522 |
| 942 |
_2ddc _cBK |
||
| 999 |
_c36912 _d36912 |
||